logo

Bir Sreshtho Munshi Abdur Rouf Library
Jhenaidah Cadet College

জনপ্রিয় ছড়া সংকলন / (Record no. 13117)

MARC details
000 -LEADER
fixed length control field 00731nam a2200241 a 4500
001 - CONTROL NUMBER
JCCL Control Number 13117
003 - CONTROL NUMBER IDENTIFIER
JCCL marc code BD-JhCC
005 - DATE AND TIME OF LATEST TRANSACTION
control field 20230711091628.0
008 - FIXED-LENGTH DATA ELEMENTS--GENERAL INFORMATION
fixed length control field 230623s2018 bg a|||| |||| 000 0 ben d
020 ## - INTERNATIONAL STANDARD BOOK NUMBER
International Standard Book Number 978984908412103
035 ## - SYSTEM CONTROL NUMBER
system control number (BD-JhCC)13117
040 ## - CATALOGING SOURCE
Original cataloging agency BD-JhCC
Modifying agency BD-JhCC
041 ## - LANGUAGE CODE
Language code of Book ben
082 ## - DEWEY DECIMAL CLASSIFICATION NUMBER
Classification number 891.4415
Author mark and Year ROY 2018
100 ## - MAIN ENTRY--PERSONAL NAME
Personal name রায়, সুকুমার
Fuller form of name 1887-1923
245 ## - TITLE STATEMENT
Title জনপ্রিয় ছড়া সংকলন /
Statement of responsibility, etc সুকুমার রায়
260 ## - PUBLICATION, DISTRIBUTION, ETC. (IMPRINT)
Place of publication, distribution, etc ঢাকা :
Name of publisher, distributor, etc শিলা প্রকাশন,
Date of publication, distribution, etc ২০১৮
300 ## - PHYSICAL DESCRIPTION
Pagination ৯৬ পৃ. :
Other physical details ill. ;
Dimensions 24 cm.
650 ## - SUBJECT ADDED ENTRY--TOPICAL TERM
Topical term or geographic name as entry element Rhyme
650 ## - SUBJECT ADDED ENTRY--TOPICAL TERM
Topical term or geographic name as entry element juvenile literature
650 ## - SUBJECT ADDED ENTRY--TOPICAL TERM
Topical term or geographic name as entry element Poem
942 ## - ADDED ENTRY ELEMENTS (KOHA)
Source of classification or shelving scheme Dewey Decimal Classification
Koha item type Books
Holdings
Source of classification or shelving scheme Damaged status Not for loan Home library Current library Shelving location Date of accession Cost, normal purchase price Total Checkouts Full call number Barcode Date last seen Copy number Method of acquisition Koha item type Currency
Dewey Decimal Classification     JCC Rouf Library JCC Rouf Library General Stacks   300.00   891.4415 ROY 2018 17860 07/11/2023 C-1 Gift/Donation Books BDT

JCC Library | Contacts | JCC Home

Last Update on 23 September 2017
Copyright @ 2017-2020 JCC Rouf Library
Rouf Library, Jhenidah Cadet College (JCC), Bangladesh